[Event "Schleswig-Holstein-ch HTA"]
[Site "Buesum"]
[Date "2010.04.02"]
[Round "9"]
[White "Wiecki, Josef"]
[Black "Surrey, Matthias"]
[Result "1-0"]
[WhiteElo "1866"]
[BlackElo "1489"]
[PlyCount "97"]
[EventDate "2010.03.27"]
[EventType "swiss"]
[EventRounds "9"]
[EventCountry "GER"]
[SourceTitle "EXT 2023"]
[Source "ChessBase"]
[SourceDate "2022.10.05"]
[SourceVersion "1"]
[SourceVersionDate "2022.10.05"]
[SourceQuality "1"]

1. Nf3 d5 2. g3 Nf6 3. Bg2 c6 4. 0-0 Bf5 5. d4 e6 6. c3 Bd6 7. Nbd2 Nbd7 8. Re1 h6 9. e3 0-0 10. b3 e5 11. dxe5 Nxe5 12. Nxe5 Bxe5 13. Bb2 Ne4 14. Nxe4 Bxe4 15. Bxe4 dxe4 16. Qxd8 Raxd8 17. Red1 Rd3 18. Rxd3 exd3 19. Rd1 Rd8 20. f4 Bf6 21. e4 b5 22. e5 Be7 23. b4 c5 24. bxc5 Bxc5+ 25. Kf1 a5 26. Kg2 b4 27. Kf3 Kf8 28. Rd2 bxc3 29. Bxc3 Bb6 30. Ke4 Ke7 31. Rxd3 Rc8 32. Kd5 g6 33. g4 Rc5+ 34. Ke4 Rc4+ 35. Kf3 Bc7 36. Be1 Ke6 37. Rc3 Kd5 38. Rxc4 Kxc4 39. Ke4 a4 40. f5 g5 41. e6 fxe6 42. fxe6 Bd6 43. Bg3 Be7 44. Be5 Kc5 45. Bg7 Kd6 46. Kf5 Kd5 47. Bf6 Kd6 48. Bxe7+ Kxe7 49. Ke5 1-0

[Event "Schleswig-Holstein-ch HTA"]
[Site "Buesum"]
[Date "2010.04.01"]
[Round "8"]
[White "Surrey, Matthias"]
[Black "Suemnich, Manfred"]
[Result "1-0"]
[WhiteElo "1489"]
[BlackElo "1489"]
[PlyCount "83"]
[EventDate "2010.03.27"]
[EventType "swiss"]
[EventRounds "9"]
[EventCountry "GER"]
[SourceTitle "EXT 2023"]
[Source "ChessBase"]
[SourceDate "2022.10.05"]
[SourceVersion "1"]
[SourceVersionDate "2022.10.05"]
[SourceQuality "1"]

1. e4 c5 2. c3 d6 3. Nf3 Nf6 4. Be2 Nxe4 5. 0-0 g6 6. Qa4+ Nc6 7. Qxe4 Bf5 8. Qa4 a6 9. d4 b5 10. Qd1 Qc7 11. Be3 Rd8 12. Qc1 Bg7 13. dxc5 dxc5 14. Bxc5 Ne5 15. Bd4 Ng4 16. Bxg7 Bd3 17. Bxd3 Rxd3 18. h3 Rg8 19. Bd4 Rxf3 20. hxg4 Rf4 21. Qe3 Rxg4 22. Qf3 f5 23. Re1 Rf8 24. Qh3 g5 25. Qe3 Re4 26. Qd2 Rh4 27. Be5 Qb7 28. Qxg5 Rg4 29. Qh5+ Rf7 30. Qh3 Qd5 31. Na3 Rf8 32. Rad1 Qb7 33. Rd4 Rg6 34. Red1 Qb6 35. Qxh7 Rfg8 36. Rd8+ Qxd8 37. Rxd8+ Kxd8 38. g3 Kd7 39. Nc2 Ke6 40. Bf4 Rg4 41. Nd4+ Kf6 42. Qxf5+ 1-0

[Event "Schleswig-Holstein-ch HTA"]
[Site "Buesum"]
[Date "2010.03.29"]
[Round "4"]
[White "Surrey, Matthias"]
[Black "Lund, Holger"]
[Result "1/2-1/2"]
[WhiteElo "1489"]
[BlackElo "1615"]
[PlyCount "38"]
[EventDate "2010.03.27"]
[EventType "swiss"]
[EventRounds "9"]
[EventCountry "GER"]
[SourceTitle "EXT 2023"]
[Source "ChessBase"]
[SourceDate "2022.10.05"]
[SourceVersion "1"]
[SourceVersionDate "2022.10.05"]
[SourceQuality "1"]

1. e4 c5 2. c3 e6 3. Nf3 a6 4. d4 cxd4 5. cxd4 d5 6. e5 Nc6 7. a3 h6 8. Be2 Qa5+ 9. Nc3 b5 10. Bd2 Qb6 11. Be3 Nge7 12. Bd3 Bb7 13. 0-0 Rd8 14. Qc2 Na5 15. b4 Nc4 16. Bxc4 dxc4 17. d5 Qc7 18. d6 Qb8 19. Nd4 Nd5 1/2-1/2

[Event "Schleswig-Holstein-ch HTA"]
[Site "Buesum"]
[Date "2010.03.27"]
[Round "1"]
[White "Adamovski, Constantin"]
[Black "Surrey, Matthias"]
[Result "1-0"]
[WhiteElo "1703"]
[BlackElo "1489"]
[PlyCount "35"]
[EventDate "2010.03.27"]
[EventType "swiss"]
[EventRounds "9"]
[EventCountry "GER"]
[SourceTitle "EXT 2023"]
[Source "ChessBase"]
[SourceDate "2022.10.05"]
[SourceVersion "1"]
[SourceVersionDate "2022.10.05"]
[SourceQuality "1"]

1. Nc3 c5 2. Nf3 Nc6 3. d4 cxd4 4. Nxd4 e6 5. e4 h6 6. Bf4 a6 7. Bc4 Bc5 8. Nxc6 bxc6 9. 0-0 d5 10. exd5 cxd5 11. Bb3 Bd6 12. Bxd6 Qxd6 13. Re1 Ne7 14. Bxd5 exd5 15. Nxd5 Ra7 16. Qd4 Rd7 17. Qxg7 Rf8 18. Nf6+ 1-0